Diccionario de técnicas de grupo /

Збережено в:
Бібліографічні деталі
Автор: Schützenberger, Anne Ancelin (autor)
Формат: Книга
Мова:Іспанська
Опубліковано: Salamanca, México : Sígueme, 1974
Предмети:
Теги: Додати тег
Немає тегів, Будьте першим, хто поставить тег для цього запису!

MARC

LEADER 00000nam^a2200000^a^4500
001 000019060
005 20250521000000.0
009 20260310084242.612
037 |a Acervo ITESO - Biblioteca 
041 |a ESP 
082 |a 301. 1803  |b SCH 
100 |a Schützenberger, Anne Ancelin  |e (autor) 
245 1 0 |a Diccionario de técnicas de grupo /  |c A.A. Schützenberger. 
264 1 |a Salamanca, México :  |b Sígueme,  |c 1974 
300 |a 1 v. (sin paginación) 
336 |a texto  |b txt  |2 rdacontenido 
337 |a sin mediación  |b n  |2 rdamedio 
338 |a volumen  |b nc  |2 rdasoporte 
500 |a Traducción de: Vocabulaire des techniques de groupe 
649 |a XX 
650 |a Dinámica de Grupos -  |x Enciclopedias y Diccionarios 
650 |a Psicología Social -  |x Enciclopedias y Diccionarios 
910 |a Fondo General 
920 |a Impresos - Libros 
930 |a Obras de Referencia 
905 |a 102 
901 |a 0190600100  |b IT2  |c REF  |i 019060  |u 20250521 
902 |a https://opac.biblio.iteso.mx/vufind/Record/000019060